000 00640nam a2200217 a 4500
001 8118
003 CO-ViMGA
008 141112s2004 ck r 000 u spa d
020 _a9589047483
040 _aCO-ViMGA
_bspa
_cCO-ViMGA
082 0 4 _aCo863.08 A74d
100 1 _aArias, Medardo
_97823
245 1 0 _aDe la Hostia y la Bombilla /
_cArias Medardo
260 _aUniversidad del Valle
300 _a186 p.
590 _aForma de adquisición : donacion - - Proveedor : Luis Ángel Arango
650 1 4 _aliteratos - chocoanos
_97824
650 1 4 _aliteratos vallecaucanos - colombia
_97825
650 1 4 _aprosa
_97826
942 _2ddc
_cBK
999 _c19933
_d19933